Fast Typing "Fast Typing" - Statistics

General Stats
  • This quiz has been taken 106 times
  • The average score is 64 of 100
Answer Stats
Answer % Correct
Fast Typing
96%
Fast Typing
96%
Fast Typing
96%
Fast Typing
94%
Fast Typing
94%
Fast Typing
92%
Fast Typing
88%
Fast Typing
88%
Fast Typing
88%
Fast Typing
86%
Fast Typing
86%
Fast Typing
86%
Fast Typing
84%
Fast Typing
84%
Fast Typing
84%
Fast Typing
84%
Fast Typing
84%
Fast Typing
82%
Fast Typing
82%
Fast Typing
82%
Fast Typing
82%
Fast Typing
82%
Fast Typing
80%
Fast Typing
78%
Fast Typing
78%
Fast Typing
78%
Fast Typing
78%
Fast Typing
78%
Fast Typing
78%
Fast Typing
78%
Fast Typing
78%
Fast Typing
73%
Fast Typing
73%
Fast Typing
73%
Fast Typing
71%
Fast Typing
71%
Fast Typing
69%
Fast Typing
69%
Fast Typing
67%
Fast Typing
67%
Fast Typing
65%
Fast Typing
65%
Fast Typing
63%
Fast Typing
63%
Fast Typing
63%
Fast Typing
61%
Fast Typing
59%
Fast Typing
57%
Fast Typing
57%
Fast Typing
57%
Fast Typing
57%
Fast Typing
57%
Fast Typing
57%
Fast Typing
57%
Fast Typing
57%
Fast Typing
55%
Fast Typing
55%
Fast Typing
55%
Fast Typing
55%
Fast Typing
53%
Fast Typing
53%
Fast Typing
53%
Fast Typing
53%
Fast Typing
53%
Fast Typing
53%
Fast Typing
51%
Fast Typing
51%
Fast Typing
51%
Fast Typing
51%
Fast Typing
51%
Fast Typing
51%
Fast Typing
51%
Fast Typing
51%
Fast Typing
51%
Fast Typing
51%
Fast Typing
51%
Fast Typing
51%
Fast Typing
51%
Fast Typing
51%
Fast Typing
51%
Fast Typing
51%
Fast Typing
51%
Fast Typing
51%
Fast Typing
51%
Fast Typing
51%
Fast Typing
51%
Fast Typing
51%
Fast Typing
51%
Fast Typing
49%
Fast Typing
49%
Fast Typing
49%
Fast Typing
49%
Fast Typing
49%
Fast Typing
49%
Fast Typing
49%
Fast Typing
49%
Fast Typing
49%
Fast Typing
49%
Fast Typing
49%
Fast Typing
49%
No matching quizzes found
Score Distribution
Percent of People with Each Score
Percentile by Number Answered
Your Score History
You have not taken this quiz